Transportnaja infrastruktura SR v kontekste obščej transportnoj politiki JEC

Dopravná infraštruktúra a je vplyv na fungovanie ekonomiky a regionálneho rozvoja. Dopravná infraštruktúra Slovenskej republiky. Spoločná dopravná politika Európskej únie a SR. Niektoré vybrané otázky dopravy a dopravnej infraštruktúry SR.

Salvato in:
Dettagli Bibliografici
Autore principale: Gonda, Vladimír
Natura: Capitolo di libro
Lingua:russo
Soggetti:
Tags: Aggiungi Tag
Nessun Tag, puoi essere il primo ad aggiungerne!!

MARC

LEADER 00000naa$a2200000$$$4500
001 0177224
005 20240502083418.9
041 0 |a rus 
044 |a RU 
245 1 0 |a Transportnaja infrastruktura SR v kontekste obščej transportnoj politiki JEC  |c Vladimír Gonda 
520 |a Dopravná infraštruktúra a je vplyv na fungovanie ekonomiky a regionálneho rozvoja. Dopravná infraštruktúra Slovenskej republiky. Spoločná dopravná politika Európskej únie a SR. Niektoré vybrané otázky dopravy a dopravnej infraštruktúry SR. 
610 2 0 |a doprava železničná 
610 2 0 |a doprava cestná 
610 2 0 |a doprava letecká 
610 2 0 |a doprava vodná 
610 2 0 |a infraštruktúra dopravná 
610 2 0 |a preprava 
610 2 0 |a rozvoj regionálny 
610 2 0 |a rozvoj hospodársky 
610 2 0 |a politika dopravná 
610 2 0 |a Slovensko 
610 2 0 |a Európska únia 
100 1 |a Gonda, Vladimír